[Event "TCh-MNE Premier League"]
[Site "Cetinje MNE"]
[Date "2010.07.31"]
[Round "8"]
[White "Pikula,D"]
[Black "Chatalbashev,B"]
[Result "1/2-1/2"]
[WhiteElo "2547"]
[BlackElo "2613"]

1.e4 g6 2.d4 Bg7 3.Nc3 c6 4.Nf3 d6 5.Be3 Nd7 6.a4 Qc7 7.h3 Ngf6 8.Bc4 O-O
9.O-O Nxe4 10.Nxe4 d5 11.Bd3 dxe4 12.Bxe4 c5 13.c3 Nf6  1/2-1/2

[Event "GM"]
[Site "Stara Pazova SRB"]
[Date "2010.08.03"]
[Round "4"]
[White "Mazur,S"]
[Black "Popchev,M"]
[Result "1-0"]
[WhiteElo "2419"]
[BlackElo "2502"]

1.e4 g6 2.d4 Bg7 3.Nc3 c6 4.f4 d5 5.e5 h5 6.Be3 Nh6 7.h3 b6 8.Bd3 Nf5 9.Bf2 h4
10.Nf3 e6 11.Ne2 Bf8 12.b3 Be7 13.O-O a5 14.c4 Ba6 15.Nc3 Kf8 16.Rc1 Kg7
17.Rc2 Ra7 18.Qd2 Rd7 19.cxd5 cxd5 20.Nb5 Bb4 21.Qe2 Qe7 22.Rfc1 Qd8 23.Be1 Be7
24.Kh2 Bb7 25.Rc7 Ba6 26.Rxd7 Nxd7 27.Na7 Bxd3 28.Qxd3 Nb8 29.Qb5 Qd7 30.Qxd7 Nxd7
31.Rc7 Nb8 32.Rb7 Ba3 33.Bd2 Na6 34.Rxb6 Nb4 35.Nb5 Bb2 36.Rb7 Nc6 37.Ng5 Nd8
38.Rd7 Re8 39.Nd6 Nxd6 40.exd6 Bxd4 41.Bxa5 Bf6  1-0

[Event "GM"]
[Site "Szombathely HUN"]
[Date "2010.08.03"]
[Round "8"]
[White "Szabo,Krisz1"]
[Black "Czebe,A"]
[Result "0-1"]
[WhiteElo "2523"]
[BlackElo "2461"]

1.e4 g6 2.d4 Bg7 3.Nc3 c6 4.f4 d5 5.e5 f6 6.Nf3 Nh6 7.h3 Nf5 8.Bd3 Ng3 9.Rg1 f5
10.Ne2 Ne4 11.Be3 Na6 12.c3 Be6 13.Ng5 Nc7 14.Nxe6 Nxe6 15.g4 O-O 16.Qc2 Kh8
17.O-O-O Bh6 18.Kb1 fxg4 19.Rxg4 Ng7 20.c4 Nf5 21.Bg1 Qa5 22.Bxe4 dxe4 23.Qxe4 Qb4
24.Qc2 b5 25.cxb5 cxb5 26.Qc3 Qa4 27.b3 Qa3 28.Qb2 Qxb2+ 29.Kxb2 e6 30.d5 exd5
31.Rxd5 Rfd8 32.Rxd8+ Rxd8 33.Kc3 a6 34.Bc5 Rd5 35.b4 Kg8 36.Nd4 Kf7 37.e6+ Ke8
38.Nc6 Bg7+ 39.Kc2 Bf8 40.e7 Nxe7 41.Nxe7 Bxe7 42.Bxe7 Kxe7 43.Rg3 Rd4 44.Ra3 Rd6
45.Rd3 Re6 46.Kd2 Kf6 47.Rd7 h5 48.a3 Kf5 49.Rf7+ Ke4 50.Ke2 h4 51.Rf8 Rc6
52.Rh8 Rc2+ 53.Kd1 Rc3 54.Rxh4 Rxa3 55.Rg4 Kf5 56.Rg5+ Kf6 57.Rc5 Rxh3 58.Rc6+ Kf5
59.Rxa6 Rb3 60.Rb6 Rxb4 61.Kc2 Rd4 62.Kc3 Rd8 63.Kc2 b4 64.Rxb4 Rd6 65.Ra4 Kg4
66.Rb4 Kf3 67.Ra4 Ke3 68.Rb4 Rf6 69.Rb1 Rxf4 70.Rg1 Rf6 71.Kd1 Kf2 72.Rg5 Rd6+
73.Kc2 Ke3 74.Rg1 Kf4 75.Rf1+ Ke4 76.Re1+ Kf3 77.Rg1 Ke3 78.Kc3 Rc6+ 79.Kb4 Kd4
80.Rd1+ Ke5 81.Rg1 Kf6 82.Rf1+ Kg7 83.Rg1 Rc8 84.Kb3 Kf6 85.Rf1+ Ke5 86.Rg1 Kf5
87.Rf1+ Ke4 88.Rg1 Rg8 89.Kc2 g5 90.Kd2 Kf3 91.Ra1 Kf2 92.Kd3 g4 93.Ke4 Rf8  0-1

[Event "GM"]
[Site "Stara Pazova SRB"]
[Date "2010.08.06"]
[Round "8"]
[White "Kosic,D"]
[Black "Nurkic,S"]
[Result "1/2-1/2"]
[WhiteElo "2512"]
[BlackElo "2404"]

1.e4 g6 2.d4 Bg7 3.Nc3 c6 4.Nf3 Nf6 5.Bd3 d6 6.h3 O-O 7.Be3 Qc7 8.O-O e5
9.Qd2 Nbd7 10.Rad1 Re8 11.Rfe1 b5 12.a3 a6 13.Bh6 Bb7 14.Bxg7 Kxg7 15.dxe5 dxe5
16.Bf1 Nc5 17.Qd6 Qxd6 18.Rxd6 a5 19.b4 axb4 20.axb4  1/2-1/2

[Event "111th US Open"]
[Site "Irvine USA"]
[Date "2010.08.07"]
[Round "8"]
[White "Gupta,Ank"]
[Black "Stopa,Ja"]
[Result "1/2-1/2"]
[WhiteElo "2204"]
[BlackElo "2462"]

1.e4 g6 2.d4 Bg7 3.Nc3 c6 4.Be3 d5 5.exd5 cxd5 6.Nf3 Nh6 7.Bb5+ Bd7 8.Bxd7+ Qxd7
9.Bxh6 Bxh6 10.Ne5 Qe6 11.Qg4 Nc6 12.Qxe6 fxe6 13.Nxc6 bxc6 14.O-O Rb8 15.Rab1 Bg7
16.Ne2 e5 17.dxe5 Bxe5 18.b3 Rb4 19.Rbd1 Rf8 20.Rfe1 Rf6 21.c3 Rb6 22.g3 g5
23.Nd4 Bd6 24.Re6 Kf7 25.Rxf6+ Kxf6 26.g4 e6 27.Kg2 c5 28.Ne2 Ra6 29.Rd2 Be5
30.h4 h6 31.f4 gxf4 32.Kf3 Ra3 33.Rc2 a5 34.Nxf4 Bxf4 35.Kxf4 e5+ 36.Ke3 a4
37.Rb2 c4 38.bxa4 Rxc3+ 39.Kd2 Rd3+ 40.Ke2 e4 41.Rd2 Ke5 42.Rxd3 exd3+ 43.Kd1 Ke4
44.a5 c3 45.a6 d2 46.Kc2 d4 47.a7 d3+ 48.Kxc3 d1=Q 49.a8=Q+ Ke3 50.Qe8+ Kf2
51.Qe4 Qc2+  1/2-1/2

[Event "Tch-ESP CECLUB GpA"]
[Site "Burguillos ESP"]
[Date "2010.08.13"]
[Round "5"]
[White "Antoli Royo,J"]
[Black "Hernando Pertierra,J"]
[Result "1-0"]
[WhiteElo "2404"]
[BlackElo "2376"]

1.e4 g6 2.d4 Bg7 3.Nc3 c6 4.Nf3 d5 5.h3 Nh6 6.Bf4 f6 7.exd5 cxd5 8.Nb5 O-O
9.c4 Na6 10.Nc3 Be6 11.Qb3 dxc4 12.Bxc4 Bxc4 13.Qxc4+ Kh8 14.O-O g5 15.Bh2 Rc8
16.Qb5 Qb6 17.Qxb6 axb6 18.Rfe1 Rfe8 19.Re6 Rc6 20.Rae1 Ng8 21.d5 Rxe6 22.Rxe6 Rd8
23.Rxb6 Rd7 24.Kf1 h5 25.Ke2 g4 26.hxg4 hxg4 27.Nh4 f5 28.Ng6+ Kh7 29.Ne5 Bxe5
30.Bxe5 Nc5 31.Ke3 Rd8 32.Bd4 Rc8 33.Rb5 Nd7 34.Rxb7 Rd8 35.a4 Kg6 36.a5 Ndf6
37.a6 f4+ 38.Kxf4 Nxd5+ 39.Nxd5 Rxd5 40.Ke4 Ra5 41.a7 Nf6+ 42.Bxf6 exf6 43.b4 Ra2
44.b5 f5+ 45.Kd3  1-0

[Event "ch-SLO"]
[Site "Ljubljana SLO"]
[Date "2010.08.15"]
[Round "9"]
[White "Srebrnic,M"]
[Black "Skoberne,J"]
[Result "0-1"]
[WhiteElo "2331"]
[BlackElo "2519"]

1.e4 g6 2.d4 Bg7 3.Nc3 c6 4.Be3 Qb6 5.Rb1 d6 6.f4 e5 7.Nf3 Bg4 8.Qd2 exf4
9.Bxf4 Bxf3 10.gxf3 Qxd4 11.Qxd4 Bxd4 12.Bxd6 Nd7 13.Rd1 Be5 14.Bh3 Ngf6
15.f4 Bxc3+ 16.bxc3 Nxe4 17.Bxd7+ Kxd7 18.Be5+ Ke6 19.Bxh8 Rxh8 20.Rd3 Nc5
21.Re3+ Kf6 22.Ke2 h6 23.Rd1 g5 24.Rf1 g4 25.Rd1 Ne6 26.Re4 h5 27.Ke3 Rg8
28.Re5 h4 29.Rh5 Re8 30.Rxh4 Kf5 31.Kf2 Nxf4 32.Rh7 Kg6 33.Rh4 f5 34.Rd2 Nd5
35.h3 Kg5 36.Rh7 Nf6 37.h4+ Kg6 38.Rd6 Kxh7 39.Rxf6 Re5 40.Rf7+ Kg6 41.Rxb7 Rc5
42.Rxa7 Rxc3 43.Ra5 Rxc2+ 44.Kg3 Rc3+ 45.Kg2 c5 46.Ra4 Rh3 47.Rc4 Rxh4 48.Rxc5 Rh3
49.a4 Ra3 50.a5 Kg5  0-1

[Event "Pan-Armenian Olym"]
[Site "Yerevan ARM"]
[Date "2010.08.21"]
[Round "7"]
[White "Abrahamyan,T"]
[Black "Kalashian,D"]
[Result "1/2-1/2"]
[WhiteElo "2310"]
[BlackElo "2449"]

1.e4 c6 2.d4 g6 3.Nc3 Bg7 4.f4 d5 5.e5 Nh6 6.Nf3 Bg4 7.Be3 Nf5 8.Bf2 Qb6
9.Rb1 h5 10.h3 Bxf3 11.Qxf3 h4 12.Bd3 Nd7 13.O-O e6 14.Ne2 Bf8 15.b3 Be7
16.c4 Kf8 17.c5 Qc7 18.b4 Kg7 19.b5 cxb5 20.Rxb5 b6 21.Rc1 bxc5 22.Bxf5 gxf5
23.dxc5 Rab8 24.Nd4 a6 25.Rxb8 Rxb8 26.c6 Nf8 27.Qd3 Ng6 28.Be3 Ra8 29.Kh1 Kg8
30.Nb3 Ba3 31.Rc2 Bf8 32.Bd2 Bh6 33.Qd4 Rc8 34.Qb4 Qd8 35.Na5 Qe8 36.Qb7 Bxf4
37.Bxf4 Nxf4 38.c7 d4 39.Nc4 d3 40.Rd2 Kh7 41.Nd6 Qh8 42.Nxc8 Qxe5 43.Rd1 Ne2
44.Qf3 Ng3+ 45.Kg1 Qxc7 46.Qxd3 Qxc8 47.Qd7 Qf8 48.Qa7 Ne4 49.Rd7 Kg6 50.Qd4 Qc8
51.Rd8 Qc1+ 52.Kh2 Qf4+ 53.Kg1 Qc1+ 54.Kh2 Qc7+ 55.Kg1 e5 56.Qd1 Kg7 57.Qd5 Qc1+
58.Kh2 Qf4+ 59.Kg1 Ng3 60.Qd1 Qe3+ 61.Kh2 Ne2 62.Rd3 Qf4+ 63.Kh1 Ng3+ 64.Kg1 e4
65.Qa1+ f6 66.Rd8 e3 67.Qd1 Qf2+ 68.Kh2 Nf1+ 69.Kh1 Ng3+ 70.Kh2 Nf1+ 71.Kh1 Nd2
72.Re8 a5 73.Qc1 Kf7 74.Rd8 Kg6 75.Rg8+ Kh6 76.Re8 f4 77.Re6 Kg6 78.Qa1 Qf1+
79.Qxf1 Nxf1 80.Kg1 Nd2 81.Ra6 Kf5 82.Rxa5+ Ke4 83.Ra4+ Ke5 84.Ra5+ Kd4 85.Ra4+ Nc4
86.Kf1 Kd3 87.Ke1 f5 88.Ra8 Ne5 89.Ra3+ Kc2 90.Ke2 Nc4 91.Rd3 Nd2 92.Rd4 Ne4
93.a4 Kc3 94.Rxe4 fxe4 95.a5 Kd4 96.a6 f3+ 97.gxf3 exf3+ 98.Kxf3 Kd3 99.a7 e2
100.a8=Q e1=Q  1/2-1/2

[Event "6th Prospero A Pichay Cup"]
[Site "Manila PHI"]
[Date "2010.08.23"]
[Round "4"]
[White "Phadke,So1"]
[Black "Long,P"]
[Result "1/2-1/2"]
[WhiteElo "2232"]
[BlackElo "2302"]

1.e4 g6 2.d4 Bg7 3.Nc3 c6 4.f4 d5 5.e5 h5 6.Nf3 Nh6 7.Be3 Bg4 8.h3 Nf5 9.Bf2 Bxf3
10.Qxf3 h4 11.Bd3 e6 12.O-O Nd7 13.Ne2 Bf8 14.b3 Be7 15.c4 Kf8 16.Rac1 a5
17.cxd5 cxd5 18.Nc3 Nb6 19.Nb5 Rc8 20.Na7 Ra8 21.Nb5 Rc8 22.Na7 Ra8  1/2-1/2

[Event "6th Geller Memorial Open A"]
[Site "Odessa UKR"]
[Date "2010.08.23"]
[Round "3"]
[White "Boldysh,Maxim"]
[Black "Kozel,R"]
[Result "0-1"]
[WhiteElo "1815"]
[BlackElo "2354"]

1.e4 g6 2.d4 Bg7 3.Nc3 c6 4.Bc4 d5 5.exd5 b5 6.Bb3 b4 7.Nce2 cxd5 8.Nf3 Nf6
9.O-O O-O 10.Ng3 Bg4 11.h3 Bxf3 12.Qxf3 Nc6 13.Qd3 Qb6 14.Be3 Na5 15.f4 e6
16.Ne2 Rac8 17.g4 Nc4 18.Rab1 Rfe8 19.Rf3 Ne4 20.Bxc4 dxc4 21.Qd1 Qb7 22.Ng3 c3
23.b3 Rcd8 24.Qd3 Nd2 25.Rff1 Nxb1 26.Rxb1 Qf3 27.Kh2 Bxd4 28.Bxd4 Qxd3 29.cxd3 Rxd4  0-1

[Event "25th Open"]
[Site "Schwarzach AUT"]
[Date "2010.08.26"]
[Round "6"]
[White "Womacka,M"]
[Black "Bodiroga,P"]
[Result "1-0"]
[WhiteElo "2478"]
[BlackElo "2406"]

1.e4 c6 2.d4 g6 3.Nc3 Bg7 4.Nf3 d5 5.h3 dxe4 6.Nxe4 Nd7 7.Bc4 Ngf6 8.Nxf6+ Nxf6
9.O-O O-O 10.Re1 Qc7 11.Qe2 e6 12.Ne5 Nd5 13.Bb3 c5 14.c4 Ne7 15.Bf4 Qb6
16.dxc5 Qxc5 17.Rad1 Nc6 18.Nxc6 Qxc6 19.Rd6 Qc5 20.Rd2 Qf5 21.Bd6 Rd8 22.Bb4 Rxd2
23.Qxd2 Bf6 24.Qd6 h5 25.Qf8+ Kh7 26.Qxf7+ Bg7 27.Qc7 e5 28.Bc3  1-0

[Event "PK NBSB"]
[Site "Roosendaal NED"]
[Date "2010.08.28"]
[Round "2"]
[White "Haast,M"]
[Black "De Wit,Albert"]
[Result "1-0"]
[WhiteElo "2194"]
[BlackElo "1958"]

1.e4 g6 2.d4 Bg7 3.Nc3 c6 4.Be3 Qb6 5.Na4 Qa5+ 6.c3 d6 7.b4 Qc7 8.g4 h5 9.g5 b5
10.Nb2 a6 11.a4 Bb7 12.f3 e6 13.Nd3 Ne7 14.Ne2 Nd7 15.a5 O-O 16.Bh3 Rfe8
17.O-O Rad8 18.Qe1 d5 19.Bf4 Qc8 20.Bd6 Nf8 21.Bxe7 Rxe7 22.Nef4 Qc7 23.e5 Bc8
24.Qh4 Ree8 25.Rf2 Qe7 26.Bf1 Nh7 27.Nh3 Bh6 28.Rg2 Bg7 29.Ndf4 Nf8 30.Bd3 Qa7
31.Kh1 Qe7 32.Ng1 Rd7 33.Nge2 Ra7 34.Rag1 Bd7 35.Ng3 Rea8 36.Ngxh5 gxh5 37.Nxh5 Ng6
38.Nf6+ Kf8 39.Qh7 Bxf6 40.gxf6 Qd8 41.Qh8+ Nxh8 42.Rg8+  1-0

[Event "TCh-SRB 1st League"]
[Site "Vrnjacka Banja SRB"]
[Date "2010.08.28"]
[Round "8"]
[White "Carnic,S"]
[Black "Nevednichy,V"]
[Result "1/2-1/2"]
[WhiteElo "2361"]
[BlackElo "2592"]

1.e4 g6 2.d4 Bg7 3.Nc3 c6 4.Nf3 d6 5.a4 Nf6 6.h3 O-O 7.Be2 Nbd7 8.O-O Qc7
9.Re1 e5 10.Bf1 b6 11.b3 exd4 12.Nxd4 a6 13.Bf4 Re8 14.Qd2 Nc5 15.f3 Bb7
16.Nde2 Rad8 17.Rad1 Bf8 18.Bg5 Bg7 19.Bf4 Bf8 20.Bg5 Be7 21.Nd4 b5 22.axb5 axb5
23.b4 Ncd7 24.f4 Nf8 25.Qf2 N6d7 26.Qh4 Bxg5 27.Qxg5 f6 28.Qg3  1/2-1/2

[Event "ch-RUS Higher League"]
[Site "Irkutsk RUS"]
[Date "2010.08.29"]
[Round "4"]
[White "Shukh,N"]
[Black "Novikov,St1"]
[Result "1-0"]
[WhiteElo "2459"]
[BlackElo "2558"]

1.e4 g6 2.d4 Bg7 3.Nc3 c6 4.Bc4 b5 5.Bb3 d6 6.Nf3 b4 7.Ne2 a5 8.a4 Nf6 9.e5 Nd5
10.h3 O-O 11.O-O Nd7 12.Nf4 e6 13.exd6 N7b6 14.c4 bxc3 15.Nxd5 cxd5 16.bxc3 Ba6
17.Re1 Nc8 18.Ba3 Nxd6 19.Ne5 Qc7 20.Qf3 Rfd8 21.Bxd6 Rxd6 22.c4 Bb7 23.c5 Rdd8
24.Qc3 Bxe5 25.Rxe5 Rab8 26.Rae1 Bc6 27.h4 Rb4 28.h5 Bxa4 29.Ba2 Rdb8 30.h6 Bc6
31.R1e2 Qd8 32.Qe3 Qf6 33.g4 Qh4 34.Qf4 Qd8 35.g5 Ra4 36.R5e3 Rab4 37.Rf3 R8b7
38.Qe5 Qf8 39.Rf6 Bd7 40.Bxd5 exd5 41.c6 Bxc6 42.Rxc6 Rb8 43.Qf6 R4b7 44.Rec2 Re7
45.R2c5 a4 46.Rxd5 Ra7 47.Rb5 Re8 48.Rbb6 a3 49.Ra6 Raa8 50.d5 a2 51.Kg2 Rad8
52.Qd4 Re2 53.d6 Re6 54.Qc3 Re4 55.f3 Re2+ 56.Kg3 Re6 57.Kf2 Ree8 58.Rxa2 Rd7
59.Rd2 f6 60.Rc7 Rxd6 61.Qb3+ Ree6 62.Rxd6 Qxd6 63.Qb8+  1-0

[Event "TCh-SRB 1st League"]
[Site "Vrnjacka Banja SRB"]
[Date "2010.08.29"]
[Round "9"]
[White "Blesic,V"]
[Black "Djuric,S"]
[Result "1/2-1/2"]
[WhiteElo "2383"]
[BlackElo "2424"]

1.e4 g6 2.d4 Bg7 3.Nc3 c6 4.Nf3 d5 5.Be2 Bg4 6.Be3 e6 7.Qd2 Nd7 8.h3 Bxf3
9.Bxf3 a6 10.Ne2 Nb6 11.b3 dxe4 12.Bxe4 Nd5 13.O-O Ngf6 14.Bf3 Nxe3 15.Qxe3 O-O
16.c4 Re8 17.Rad1 Qa5 18.Qc3 Qc7 19.Qc2 h5 20.Nc3 Rad8 21.Rd3 e5 22.dxe5 Rxd3
23.Qxd3 Qxe5 24.Rd1 h4 25.b4 a5 26.b5  1/2-1/2

[Event "ch-RUS Higher League w"]
[Site "St Petersburg RUS"]
[Date "2010.09.01"]
[Round "7"]
[White "Paikidze,N"]
[Black "Romanko,M"]
[Result "1/2-1/2"]
[WhiteElo "2346"]
[BlackElo "2411"]

1.e4 g6 2.d4 Bg7 3.Nc3 c6 4.f4 d5 5.e5 h5 6.Nf3 Bg4 7.Bd3 Nh6 8.O-O Nf5 9.Ne2 e6
10.c3 Nd7 11.b3 Bf8 12.h3 Bxf3 13.Rxf3 h4 14.Bb2 Be7 15.Bxf5 gxf5 16.c4 Nf8
17.Rc1 Ng6 18.Kh2 Qd7 19.Qd3 Rg8 20.a3 O-O-O 21.c5 Bf8 22.b4 Kb8 23.a4 Bh6
24.Bc3 Rg7 25.Be1 Rdg8 26.g3 hxg3+ 27.Bxg3 Rh7 28.Rb1 Ka8 29.b5 Rhh8 30.a5 cxb5
31.Rxb5 f6 32.exf6 Rf8 33.a6 bxa6 34.Ra5 Rb8 35.Rxa6 Rb2 36.Rd6 Qc8 37.Qe3 Re8
38.Rf2 Bf8 39.f7 Re7 40.Rg2 Bh6 41.Qa3 Rb8 42.Qe3 Rbb7 43.Be1 Nf8 44.c6 Rb8
45.Bh4 Rxf7 46.Bd8 Bg7 47.Rg1 Qa6 48.Rc1 Rc8 49.Rc5 Bf6 50.Ra5 Qc4 51.c7 Rcxc7
52.Bxf6 Rxf6 53.Rd8+ Rc8 54.Rc5 Rxd8 55.Rxc4 dxc4 56.Qc3 Rc8 57.d5 Rf7 58.Qe5 exd5
59.Qxd5+ Rb7 60.Nc3 Nd7 61.Qxf5 Nb6 62.Nd5 Rd8 63.Nc3 Re7 64.Qc5 Rd2+ 65.Kg3 Rd3+
66.Kf2 Red7 67.Ne4 Kb8 68.Qe5+ Ka8 69.Nc5 Rd2+ 70.Ke3 Rd8 71.Qg7 R2d3+ 72.Kf2 Rd2+
73.Ke3 R2d3+ 74.Kf2 Rd2+ 75.Ke3 R2d3+  1/2-1/2

[Event "7th Malaysia Open"]
[Site "Kuala Lumpur MAS"]
[Date "2010.09.02"]
[Round "2"]
[White "Yeoh,L"]
[Black "Mok Tze Meng"]
[Result "0-1"]
[WhiteElo "2112"]
[BlackElo "2416"]

1.e4 g6 2.d4 c6 3.Nc3 Bg7 4.Be2 d5 5.Be3 dxe4 6.Nxe4 Nd7 7.Nf3 Ngf6 8.Nxf6+ Nxf6
9.Bd3 O-O 10.O-O Bf5 11.Re1 Qd6 12.c3 Rad8 13.Be2 Nd5 14.Qb3 Nxe3 15.fxe3 e5
16.Rad1 exd4 17.cxd4 Rd7 18.Bc4 Re7 19.Bd3 Bxd3 20.Qxd3 Rfe8 21.Kf2 h5 22.Rc1 Bh6
23.b3 Bxe3+ 24.Rxe3 Rxe3 25.Qxe3 Rxe3 26.Kxe3 g5 27.g3 g4 28.Nd2 h4 29.Rg1 c5
30.Ke2 Qxd4 31.Rf1 Qe5+ 32.Kf2 Qc3 33.Rd1 h3 34.Ke2 b5 35.Rf1 c4 36.bxc4 bxc4
37.Rf4 Qd3+  0-1

[Event "FSGM September"]
[Site "Budapest HUN"]
[Date "2010.09.12"]
[Round "9"]
[White "Poetsch,H"]
[Black "Czebe,A"]
[Result "1/2-1/2"]
[WhiteElo "2395"]
[BlackElo "2479"]

1.e4 g6 2.d4 Bg7 3.Nc3 c6 4.Bc4 d6 5.Nf3 Nf6 6.e5 dxe5 7.Nxe5 O-O 8.O-O Nbd7
9.Bf4 Nh5 10.Nxd7 Bxd7 11.Be5 Bxe5 12.dxe5 Bf5 13.Qe2 Nf4 14.Qe3 Nd5 15.Nxd5 cxd5
16.Rad1 e6 17.Bb3 a5 18.Rd4 b5 19.g4 Bxg4 20.Rxg4 a4 21.Qh6 Ra7 22.h4 axb3
23.axb3 f6 24.h5 Rg7 25.hxg6 Kh8 26.Rg3 fxe5 27.gxh7 Qf6 28.Qxg7+ Qxg7 29.Rxg7 Kxg7
30.Ra1 Kxh7 31.Ra6 Re8 32.Rb6 Kg6 33.Rxb5 Kf5 34.b4 Kf4 35.Kf1 d4 36.Ke2 Rh8
37.Rb6 Rc8 38.c3 dxc3 39.bxc3 Rxc3 40.Rxe6 Rb3 41.Rf6+ Ke4 42.f3+ Kd4  1/2-1/2

[Event "EYCC Boys U16"]
[Site "Batumi GEO"]
[Date "2010.09.24"]
[Round "6"]
[White "Emiroglu,C"]
[Black "Pasiev,R"]
[Result "1/2-1/2"]
[WhiteElo "2108"]
[BlackElo "2229"]

1.e4 g6 2.d4 Bg7 3.Nc3 c6 4.Nf3 d6 5.Be3 Nd7 6.Qd2 b5 7.a3 a6 8.Rd1 Bb7 9.Be2 Qc7
10.O-O Rd8 11.b4 Nb6 12.Bf4 Nf6 13.e5 Nfd5 14.Bg3 Nxc3 15.Qxc3 Nd5 16.Qb3 O-O
17.c4 bxc4 18.Bxc4 dxe5 19.Bxe5 Qb6 20.Rfe1 Rfe8 21.Bxg7 Kxg7 22.Ng5 h6 23.Ne4 Bc8
24.Nc5 e6 25.Bxd5 Rxd5 26.Qc3 Red8 27.Rd3 Qc7 28.Red1 Qf4 29.h3 Kg8 30.Nb3 Qd6
31.Na5 c5 32.bxc5 Qc7 33.Nc4 Bb7 34.Ne5 Kg7 35.Ng4 f6 36.Qd2 Rg5 37.f4 Rf5
38.Rf1 h5 39.Nh2 Be4 40.Re3 Rxf4 41.Ree1 Rxf1+ 42.Nxf1 Bf5 43.Qf2 Qc6 44.Ng3 Rd5
45.Qe3 Qd7 46.Nxf5+ Rxf5 47.Rc1 Qc6 48.Rb1 Rg5 49.Qf2 Qe4 50.Rc1 Rf5 51.Qd2 Rd5
52.Rc4 e5 53.c6 Rxd4 54.Rxd4 exd4 55.Qc1 d3 56.c7 Qd4+ 57.Kh1 d2 58.c8=Q d1=Q+
59.Qxd1 Qxd1+ 60.Kh2 Qd6+ 61.Kh1 a5 62.Qb7+ Kh6 63.Qb3 Qf4 64.a4 g5 65.Qf7 g4
66.Qf8+ Kg5 67.hxg4 hxg4 68.Qg8+ Kh5 69.Qf7+ Kh6 70.Qf8+ Kg5 71.Qg8+ Kf5
72.Qc8+ Ke4 73.Qc4+ Kf5 74.Qc8+ Kg5 75.Qg8+ Kh4 76.Qh7+ Kg5 77.Qg8+ Kf5 78.Qc8+ Ke4
79.Qc4+ Ke5 80.Qc7+  1/2-1/2

[Event "21st Open"]
[Site "Goch GER"]
[Date "2010.10.01"]
[Round "3.40"]
[White "Punt,W"]
[Black "Van de Wynkele,H"]
[Result "0-1"]
[WhiteElo "1829"]
[BlackElo "2072"]

1.e4 g6 2.d4 c6 3.Nc3 Bg7 4.Bc4 d6 5.Nge2 Nf6 6.Be3 O-O 7.f3 Nbd7 8.Qd2 b5
9.Bb3 Bb7 10.Bh6 a6 11.Bxg7 Kxg7 12.h4 h5 13.Qg5 e5 14.g4 hxg4 15.fxg4 Nh7
16.Qe3 exd4 17.Qxd4+ Ne5 18.O-O-O c5 19.Qe3 c4 20.g5 cxb3 21.axb3 b4 22.Nd5 Bxd5
23.Rxd5 a5 24.Rhd1 Qe7 25.Nf4 Rfd8 26.Qd4 Kg8 27.Nh3 Nf8 28.Qd2 Ne6 29.Nf4 Nxf4
30.Qxf4 a4 31.bxa4 Rxa4 32.R1d4 Rc8 33.b3 Ra1+ 34.Kd2 Qc7  0-1

[Event "21st Open"]
[Site "Goch GER"]
[Date "2010.10.03"]
[Round "6.17"]
[White "De Wit,Albert"]
[Black "Hulshof,P"]
[Result "0-1"]
[WhiteElo "2049"]
[BlackElo "2191"]

1.e4 g6 2.d4 Bg7 3.Nc3 c6 4.Nf3 d5 5.h3 Nf6 6.e5 Ne4 7.Bd3 Nxc3 8.bxc3 c5
9.O-O c4 10.Be2 Qa5 11.Bd2 Na6 12.Nh2 h5 13.Qb1 Rb8 14.f4 Bd7 15.Nf3 Bf8
16.Nh4 e6 17.Qe1 Be7 18.Nf3 h4 19.Ng5 Nc7 20.Rf3 Nb5 21.g4 hxg3 22.Qxg3 Na3
23.Kh2 Nxc2 24.Rd1 Qxa2 25.Rf2 Qa5 26.Rg2 Bxg5 27.fxg5 Na1 28.Rf1 Nb3 29.Be1 Rh7
30.Rgf2 Qd8 31.h4 Nc1 32.Bd1 Nd3 33.Rf6 Qe7 34.Kg1 Kd8 35.Bf3 Kc7 36.Bxd5 Nxe1
37.Rxe1 Rbh8 38.Ref1 Be8 39.Bg2 Rxh4 40.Qf3 Kc8 41.Qe2 Qc7 42.Rb1 Bc6 43.Rbf1 Rh2
44.Rxf7 Rh1+ 45.Bxh1 Rxh1+ 46.Kf2 Qxf7+  0-1

[Event "Tatry Open"]
[Site "Tatranske Zruby CZE"]
[Date "2010.10.04"]
[Round "3"]
[White "Talla,V"]
[Black "Petran,Pe"]
[Result "1/2-1/2"]
[WhiteElo "2456"]
[BlackElo "2325"]

1.e4 g6 2.d4 Bg7 3.Nc3 c6 4.Nf3 d6 5.a4 Nf6 6.Be2 O-O 7.O-O Bg4 8.Be3 Nfd7
9.Nd2 Bxe2 10.Qxe2 e6 11.f4 d5 12.e5 Qe7 13.Nb3 Na6  1/2-1/2

[Event "Karen Asrian Memorial"]
[Site "Jermuk ARM"]
[Date "2010.10.08"]
[Round "4"]
[White "Tamazyan,Haik"]
[Black "Kalashian,D"]
[Result "0-1"]
[WhiteElo "2151"]
[BlackElo "2441"]

1.e4 c6 2.Nc3 g6 3.d4 Bg7 4.Nf3 d6 5.h3 Nf6 6.Be3 O-O 7.a4 Nbd7 8.a5 e5 9.Bc4 exd4
10.Bxd4 Re8 11.O-O Nxe4 12.a6 Nef6 13.axb7 Bxb7 14.Bxa7 d5 15.Be2 c5 16.Ra2 Bc6
17.Bb5 Qc7 18.Bxc6 Qxc6 19.Qd3 d4 20.Qb5 Qc7 21.Nxd4 Rxa7 22.Rxa7 Qxa7  0-1

[Event "Continental Class Ch"]
[Site "Arlington USA"]
[Date "2010.10.09"]
[Round "5"]
[White "Gorman,D"]
[Black "Ivanov,AV USA"]
[Result "0-1"]
[WhiteElo "2285"]
[BlackElo "2532"]

1.e4 g6 2.d4 Bg7 3.Nc3 c6 4.Be3 Qb6 5.a3 d6 6.Bc4 e6 7.Bb3 Qc7 8.Qd2 a6 9.Nge2 Nd7
10.f4 Ne7 11.O-O-O d5 12.g4 Nf6 13.exd5 exd5 14.h3 h5 15.f5 gxf5 16.g5 Ne4
17.Qd3 Ng6 18.Rhf1 Be6 19.Nf4 h4 20.Nxg6 fxg6 21.Bf4 Qe7 22.Qe3 b5 23.Ne2 a5
24.Ng1 a4 25.Ba2 b4 26.Rd3 c5 27.dxc5 Nxc5 28.Bxd5 Nxd3+ 29.Qxd3 Bxd5 30.Qxd5 Qe4
31.Qb5+ Kf7 32.Qd7+ Kg8 33.Bd2 b3 34.cxb3 axb3 35.Kd1 Kh7 36.Rf4 Qb1+ 37.Ke2 Rhe8+
38.Kf2 Re4 39.Rxe4 fxe4 40.Ne2 Rf8+ 41.Nf4 Qxb2 42.Ke3 Qd4+  0-1

[Event "TCh-HUN 2010-11"]
[Site "Budapest HUN"]
[Date "2010.10.10"]
[Round "1"]
[White "Konnyu,J"]
[Black "Czebe,A"]
[Result "0-1"]
[WhiteElo "2382"]
[BlackElo "2479"]

1.e4 g6 2.d4 Bg7 3.Nc3 c6 4.Nf3 d5 5.Be3 Bg4 6.h3 Bxf3 7.Qxf3 e6 8.g4 Ne7
9.Bg2 O-O 10.O-O-O f5 11.exf5 exf5 12.Bg5 Nd7 13.Rhe1 Nf6 14.Qe2 Rf7 15.Rd3 Ne4
16.Bxe7 Qxe7 17.f3 Bh6+ 18.Kb1 Nxc3+ 19.bxc3 Re8 20.Qxe7 Rfxe7 21.Rxe7 Rxe7
22.Rd1 Re2 23.Bf1 Rf2 24.c4 Rxf3 25.cxd5 Rg3 26.dxc6 bxc6 27.gxf5 gxf5 28.Bc4+ Kf8
29.Bd3 f4 30.Bxh7 f3 31.Rf1 Be3 32.Be4 f2 33.Bxc6 Bxd4 34.Kc1 Ke7 35.Bb5 Rxh3
36.Bd3 Kd6 37.Kd2 Ke5 38.Rb1 Kf4 39.Bf1 Re3 40.Rb4 Ke5 41.Rb5+ Ke4 42.Rb4 Re1
43.Bd3+ Kd5 44.Rb8 f1=Q 45.Rd8+ Kc5 46.Rc8+ Kb6 47.Bxf1 Rxf1 48.Rc4 Bc5 49.Kc3 Rf3+  0-1

[Event "Karen Asrian Memorial"]
[Site "Jermuk ARM"]
[Date "2010.10.11"]
[Round "7"]
[White "Gabuzyan,H"]
[Black "Kalashian,D"]
[Result "0-1"]
[WhiteElo "2261"]
[BlackElo "2441"]

1.e4 c6 2.Nc3 g6 3.d4 Bg7 4.Nf3 d6 5.h3 Nf6 6.Bd3 O-O 7.O-O Nbd7 8.e5 Ne8
9.Bf4 dxe5 10.dxe5 Nc7 11.Qd2 Nc5 12.Rad1 Nxd3 13.cxd3 Ne6 14.Bh6 Nd4 15.Nxd4 Qxd4
16.Rfe1 Bf5 17.Bxg7 Kxg7 18.Qg5 Qd7 19.d4 h6 20.Qf4 Rad8 21.Re3 Qc7 22.h4 Qb6
23.Rd2 Qb4 24.a3 Qc4 25.Ne2 Rd7 26.h5 Be6 27.Rc3 Qa2 28.Qg3 Qb1+ 29.Kh2 Qf5
30.hxg6 fxg6 31.Kg1 Bd5 32.Qe3 Qg4 33.Qg3 Qxg3 34.Nxg3 h5 35.Nf1 Rfd8 36.Ne3 Be4
37.f3 Bf5 38.Nxf5+ gxf5 39.Rcd3 f4 40.Kf2 e6 41.b4 Kg6 42.Ke2 Kf5 43.Kd1 Rg7
44.Re2 Rdg8 45.Rdd2 h4 46.Kc2 Rd7 47.Kc3 Rgd8 48.Rd3 Rd5 49.Red2 b6 50.Kc4 a6
51.Kc3 c5 52.dxc5 bxc5 53.Rxd5 Rxd5 54.Re2 cxb4+ 55.axb4 Rxe5 56.Ra2 h3 57.gxh3 Re3+
58.Kd4 e5+ 59.Kd5 Rxf3 60.Rxa6 Rxh3 61.b5 Rb3 62.b6 f3 63.Ra8 Rxb6  0-1

[Event "Karen Asrian Memorial"]
[Site "Jermuk ARM"]
[Date "2010.10.12"]
[Round "8"]
[White "Simonian,H"]
[Black "Hayrapetian,O"]
[Result "1-0"]
[WhiteElo "2473"]
[BlackElo "2353"]

1.e4 g6 2.d4 Bg7 3.Nc3 c6 4.Be3 d6 5.Qd2 Nd7 6.Nf3 e5 7.dxe5 dxe5 8.O-O-O Qe7
9.g4 Nb6 10.Bc5 Qd7 11.Bd6 Qxg4 12.Nxe5 Bh6 13.Nxg4 Bxd2+ 14.Rxd2 Bxg4 15.f4 O-O-O
16.Rg1 Be6 17.b3 Nh6 18.a4 a5 19.Bg2 f5 20.e5 Nf7 21.Rgd1 Rhg8 22.Bc5 Rd7
23.Rxd7 Nxd7 24.Be3 Kc7 25.Ne2 Nf8 26.Nd4 Bd7 27.Bf1 Ne6 28.Bc4 Re8 29.Nf3 Re7
30.h4 b5 31.axb5 cxb5 32.Bd5 Bc6 33.c4 Nfd8 34.Bxc6 Nxc6 35.cxb5 Nb4 36.Rd6 Kb7
37.Kd2 Nc7 38.Bc5 Nbd5 39.b6  1-0

[Event "Karen Asrian Memorial"]
[Site "Jermuk ARM"]
[Date "2010.10.13"]
[Round "9"]
[White "Ter Sahakyan,S"]
[Black "Kalashian,D"]
[Result "1/2-1/2"]
[WhiteElo "2516"]
[BlackElo "2441"]

1.e4 c6 2.d4 g6 3.Nc3 Bg7 4.Be3 d6 5.Qd2 Nf6 6.f3 Nbd7 7.O-O-O e5 8.g4 Qe7
9.h4 h5 10.g5 Nh7 11.f4 exf4 12.Bxf4 Nb6 13.Qh2 Bg4 14.Bxd6 Qd7 15.Rd2 O-O-O
16.e5 Bf8 17.Ne4 Qe6 18.Ne2 Qxa2 19.N2c3 Qa1+ 20.Nb1 Be6 21.b3 Bxd6 22.Nxd6+ Rxd6
23.exd6 Nd5 24.c4 Nc3 25.Rb2 Nxb1 26.Rxb1 Qxd4 27.Qd2 Qe5 28.Bh3 Bxh3 29.Rxh3 Rd8
30.Rd3 Nf8 31.Kc2 Ne6 32.Re1 Qf5 33.Kb2 Rd7 34.Qe3 b6 35.Rd2 Kb7 36.Qg3 Qc5
37.Red1 a5 38.Qc3 Qf5 39.Qe3 Qg4 40.Rh1 a4 41.Ka3  1/2-1/2

[Event "CONPET Cup 2010"]
[Site "Ploiesti ROU"]
[Date "2010.10.30"]
[Round "6.3"]
[White "Iordache,A"]
[Black "Stoicescu,H"]
[Result "1-0"]
[WhiteElo "2001"]
[BlackElo "1935"]

1.e4 g6 2.d4 Bg7 3.Nc3 c6 4.Be3 d6 5.Qd2 b5 6.h4 h5 7.O-O-O b4 8.Na4 Nf6
9.f3 Qa5 10.b3 Nbd7 11.Kb1 Nb6 12.Nb2 Be6 13.Ne2 O-O 14.Nf4 Kh7 15.Nxe6 fxe6
16.Nd3 Nfd5 17.exd5 Nxd5 18.a4 Nc3+ 19.Kc1 c5 20.Nf4 Rxf4 21.Bxf4 Bxd4 22.Qd3 Rf8
23.Bd2 Nd5 24.g4 e5 25.gxh5 Rf5 26.Bh3 Rxh5 27.Bg4 Rh6 28.h5  1-0

[Event "Chigorin Mem Classic Open"]
[Site "St Petersburg RUS"]
[Date "2010.11.02"]
[Round "6"]
[White "Massironi,M"]
[Black "Eliseev,Alexe"]
[Result "0-1"]
[WhiteElo "2156"]
[BlackElo "2398"]

1.e4 g6 2.d4 Bg7 3.Nc3 c6 4.f4 d5 5.e5 h5 6.Nf3 Bg4 7.Be3 Nh6 8.h3 Nf5 9.Bf2 Bxf3
10.Qxf3 h4 11.Bd3 e6 12.O-O Nd7 13.Ne2 Bf8 14.b3 b5 15.a3 a6 16.c4 Be7 17.Rac1 Kf8
18.Kh2 Kg7 19.Rc2 Qa5 20.b4 Bxb4 21.c5 Bxa3 22.Bxf5 b4 23.Bg4 Qb5  0-1